| 000 | 01086cam a2200253 4500 | ||
|---|---|---|---|
| 001 | WB3645-02 | ||
| 008 | 000000n2000 000 0 eng u | ||
| 035 | _a(Sirsi) u109355 | ||
| 245 | _aClimate change and regs shake-up | ||
| 260 | _c2000 | ||
| 490 |
_aBuilding _v265(8161) 10 November 2000, 9(1) |
||
| 520 | _aDETR confirms plans to update structural liability regulations. The January 2001 review of Part A of the Building Regulations will tackle severe weather conditions. Recent research by the BRE "Potential implications of climate change in the built environment" predicts changes to the Building Regulations, to take into account damage caused by high winds, and flooding. DETR is in consultation with the BRE on potential changes to the Building Regulations. | ||
| 590 | _aWB | ||
| 600 | _aFLOOD DAMAGE | ||
| 650 | _aCLIMATE CHANGE | ||
| 650 | _aBRE | ||
| 650 | _aDETR | ||
| 650 | _aBUILDING REGULATIONS PART A | ||
| 650 | _aBUILT ENVIRONMENT | ||
| 650 | _aWEATHER CONDITIONS | ||
| 650 | _aSTRUCTURAL STABILITY | ||
| 690 | _aBUILT ENVIRONMENT | ||
| 942 | _n0 | ||
| 999 |
_c65274 _d65274 |
||